| 000 | 00568nam a2200145Ia 4500 | ||
|---|---|---|---|
| 008 | 250506s9999 xx 000 0 und d | ||
| 024 | _a16B-092-SE, 16B-006-SE, 16B-028-SE & 16B-083-SE | ||
| 082 | _a005.452072 AYE | ||
| 100 | _aAyesha Saeed, Uzair Khan, Zunaira Tahseen & Muhammad Owais Nasar | ||
| 245 | 0 | _aHistorical View of Islam | |
| 260 |
_aKarachi: _bUIT, _c2016 |
||
| 600 | _aSoftware Engineering | ||
| 650 | _aBachelor of Computer Science (BS) | ||
| 856 |
_uhttps://drive.google.com/file/d/1BePU8IQQWiWmgCbM2L2AKKq1wtWedxR9/view?usp=sharing _yClick here for PDF |
||
| 999 |
_c28912 _d28912 |
||